Malá encyklopédia Public relations. 3 Znalosť publika rozhoduje o úspešnosti PR
Členenie publika. Spoločenstvo, komunita. Štát. Potenciálni zamestnanci. Dodávatelia služieb a materiálov. Distribútori. Zákazníci, klienti, spotrebitelia a používatelia. Investori (peňažný, finančný trh). Tvorcovia verejnej mienky. Publikum z hľadiska riešenia konfliktov.
Enregistré dans:
| Auteur principal: | |
|---|---|
| Format: | Chapitre de livre |
| Langue: | slovaque |
| Sujets: | |
| Tags: |
Pas de tags, Soyez le premier à ajouter un tag!
|
MARC
| LEADER | 00000naa a2200000 4500 | ||
|---|---|---|---|
| 001 | r001034 | ||
| 005 | 20221213114547.6 | ||
| 041 | 0 | |a slo | |
| 044 | |a SK | ||
| 245 | 1 | 0 | |a Malá encyklopédia Public relations. 3 |b Znalosť publika rozhoduje o úspešnosti PR |c Ivan Žáry |
| 520 | |a Členenie publika. Spoločenstvo, komunita. Štát. Potenciálni zamestnanci. Dodávatelia služieb a materiálov. Distribútori. Zákazníci, klienti, spotrebitelia a používatelia. Investori (peňažný, finančný trh). Tvorcovia verejnej mienky. Publikum z hľadiska riešenia konfliktov. | ||
| 610 | 2 | 0 | |a práca s verejnosťou |
| 610 | 2 | 0 | |a zákazníci |
| 610 | 2 | 0 | |a spotrebitelia |
| 610 | 2 | 0 | |a investori |
| 610 | 2 | 0 | |a mienka verejná |
| 100 | 1 | |a Žáry, Ivan | |